| 000 | nam a22 a 4500 | ||
|---|---|---|---|
| 999 |
_c1552 _d1552 |
||
| 003 | AKMAL | ||
| 005 | 20170511091001.0 | ||
| 008 | 170511s1994 my a00 may d | ||
| 020 |
_a9836240349: _cRM 30.00 |
||
| 040 | _aAKMAL | ||
| 082 | 0 | 4 | _a320 MIL |
| 090 |
_a320 _bMIL |
||
| 245 |
_aPolitik dalam perspektif pemikiran falsafah dan teori / _ceditor David Miller, Larry Siedentop ; diubahsuai ke bahasa Melayu oleh A.Rahim Abdullah |
||
| 260 |
_aKuala Lumpur : _bDewan Bahasa dan Pustaka, _c1994 |
||
| 300 |
_a296ms. : _b; _c22cm |
||
| 500 | _aMengandungi indeks | ||
| 500 | _aKarya adaptasi dari: Politik dalam perspektif pemikiran, filsafat dan teori. - Jakarta: Penerbit C.V. Rajawali, 1986 | ||
| 504 | _aBibliografi: ms. 281-290 | ||
| 600 | 1 | 0 |
_aPlamenatz, John Petrov _93119 |
| 600 | 1 | 0 |
_aPlamenatz, John Petrov _xBibliography _93120 |
| 650 |
_aPolitical science _xPhilosophy _93121 |
||
| 650 |
_aPolitical science _93122 |
||
| 650 |
_aPolitical sociology _92920 |
||
| 700 | 1 |
_aMiller, David _q(David Leslie) _93123 |
|
| 700 | 1 |
_aSiedentop, Larry _93124 |
|
| 700 | 0 |
_aA. Rahim Abdullah, _d1948- _93125 |
|
| 942 |
_2ddc _cBOOK |
||